| 000 | 00524nmm a2200169Ia 4500 | ||
|---|---|---|---|
| 008 | 251105s9999||||xx |||||||||||||||||und|| | ||
| 020 | _a9788484890812 | ||
| 041 | _aspa | ||
| 100 | _aTubau, Xavier | ||
| 245 | 0 | _aUna polémica literaria: Lope de Vega y Diego de Colmenares | |
| 264 |
_a[Madrid, España] : _bIberoamericana Vervuert, _c2007 |
||
| 300 | _a251 páginas | ||
| 490 | _aBiblioteca Áurea Hispánica | ||
| 650 | _aSpanish literature | ||
| 856 | _uhttps://public.digitaliapublishing.com/a/15403 | ||
| 942 | _cCF | ||
| 999 |
_c86501 _d86501 |
||